Normal view MARC view

Entry Personal Name

Number of records used in: 6

001 - CONTROL NUMBER

  • control field: 5484

003 - CONTROL NUMBER IDENTIFIER

  • control field: OSt

005 - DATE AND TIME OF LATEST TRANSACTION

  • control field: 20110613104654.0

008 - FIXED-LENGTH DATA ELEMENTS

  • fixed length control field: 110613|||a|||||| | ||| d

040 ## - CATALOGING SOURCE

  • Original cataloging agency: OSt
  • Transcribing agency: OSt

100 ## - HEADING--PERSONAL NAME

  • Personal name: Henderson, H. McN.

670 ## - SOURCE DATA FOUND

  • Source citation: Work cat.: (OSt): Garner's environmental law Vol.2 /, 1976-1997